Reglament d'obres, activitats i serveis dels ens locals : Decret 179/1995, de 13 de juny, Diari Oficial de la Generalitat juny de 1995, núm. 2066 Decret 179/1995, de 13 de juny, Diari Oficial de la Generalitat juny de 1995, núm. 2066
Descripción Física:
168 p. ; 17 cm
Colección:
Comissió de Cultura ; 53
Otros Autores:
Col·legi d'Advocats de Barcelona
MARC
| LEADER | 00000nam a2200000Ia 4500 | ||
|---|---|---|---|
| 001 | 20505 | ||
| 008 | 160829s1995 xx 000 0 cat d | ||
| 080 | |a D-4-11 | ||
| 245 | |a Reglament d'obres, activitats i serveis dels ens locals : |b Decret 179/1995, de 13 de juny, Diari Oficial de la Generalitat juny de 1995, núm. 2066 | ||
| 260 | |a Barcelona : |b Il·lustre Col·legi d'Advocats de Barcelona, |c 1995 | ||
| 300 | |a 168 p. ; |c 17 cm | ||
| 490 | |a Comissió de Cultura ; 53 | ||
| 650 | 0 | |a Administració local |x Dret i legislació |z Catalunya |9 37894 | |
| 650 | |a Reglaments administratius |x Dret i legislació |x Catalunya |9 45761 | ||
| 700 | |a Col·legi d'Advocats de Barcelona |9 11623 | ||
| 901 | |a Arxiu | ||
| 942 | |n 1 | ||
| 952 | |0 1 |1 0 |2 udc |4 0 |5 2 |6 D411 |7 1 |9 52796 |a Arxiu |b Arxiu |d 2016-12-01 |l 0 |o D-4-11 |p 20505 |r 2016-12-01 00:00:00 |w 2016-12-01 |y ARXIU | ||
| 999 | |c 56645 |d 56645 | ||